| 000 | 00430nam a2200181Ia 4500 | ||
|---|---|---|---|
| 001 | 17453 | ||
| 005 | 20260306171518.0 | ||
| 008 | 260306s9999||||xx |||||||||||||| ||und|| | ||
| 041 | _aESP | ||
| 082 |
_a658 _bE323 |
||
| 100 |
_aHaas Edersheim, Elizabeth _eAUT |
||
| 245 | 0 | _aEnseƱanzas de Peter Drucker | |
| 260 | _c2007 | ||
| 300 |
_a285 pƔginas : _c24 cm. |
||
| 650 | _aGEN | ||
| 654 | _aCAN | ||
| 942 |
_cLIB _dJUS _fJUS _2ddc _n |
||
| 999 |
_c17453 _d17453 |
||